UNIVERSITY OF IBADAN LAW JOURNAL (Record no. 43665)

MARC details
003 - CONTROL NUMBER IDENTIFIER
control field 43686
005 - DATE AND TIME OF LATEST TRANSACTION
control field 20251003213302.0
008 - FIXED-LENGTH DATA ELEMENTS--GENERAL INFORMATION
fixed length control field 251003b |||||||| |||| 00| 0 eng d
022 ## - INTERNATIONAL STANDARD SERIAL NUMBER
International Standard Serial Number 23232323
040 ## - CATALOGING SOURCE
Transcribing agency Nile University of Nigeria ,Abuja.
Description conventions rda
050 ## - LIBRARY OF CONGRESS CALL NUMBER
Classification number K 60 .I3
082 ## - DEWEY DECIMAL CLASSIFICATION NUMBER
Classification number K 60 .I3
245 ## - TITLE STATEMENT
Title UNIVERSITY OF IBADAN LAW JOURNAL
250 ## - EDITION STATEMENT
Edition statement Vol.6,May,2016
260 ## - PUBLICATION, DISTRIBUTION, ETC. (IMPRINT)
Place of publication, distribution, etc Ibadan
Name of publisher, distributor, etc IU Press
Date of publication, distribution, etc 2016
264 ## - PUBLICATION, DISTRIBUTION, ETC. (IMPRINT)
Place of publication, distribution, etc Ibadan
Name of publisher, distributor, etc IU Press
Date of publication, distribution, etc 2016
300 ## - PHYSICAL DESCRIPTION
Other physical details vii, 252pg,. 30 cm
336 ## - CONTENT TYPE
Source rdacontent
338 ## - CARRIER TYPE
Source rdacarrier
942 ## - ADDED ENTRY ELEMENTS (KOHA)
Source of classification or shelving scheme Library of Congress Classification
Koha item type JOURNALS
Holdings
Withdrawn status Lost status Source of classification or shelving scheme Damaged status Not for loan Permanent Location Current Location Shelving location Date acquired Total Checkouts Date last seen Price effective from Koha item type
    Library of Congress Classification     Law Library Law Library Items on shelf 04/11/2017   10/03/2025 10/03/2025 JOURNALS
    Library of Congress Classification     Law Library Law Library Items on shelf 04/11/2017   10/03/2025 10/03/2025 JOURNALS
    Library of Congress Classification     Law Library Law Library Items on shelf 04/11/2017   10/03/2025 10/03/2025 JOURNALS